Evaluación hidraúlica-sanitaria de la Planta Potabilizadora de Guadalupe

Zapisane w:
Opis bibliograficzny
1. autor: Ramírez Azofeifa, Flor Emilia
Format: Książka
Wydane: San José, C.R. 1996
Hasła przedmiotowe:
Etykiety: Dodaj etykietę
Nie ma etykietki, Dołącz pierwszą etykiete!

MARC

LEADER 00000nam a2200000Ia 4500
003 008072
005 20221231144236.0
008 140114s1996 cr a 000 ||s d
040 |c cru CEDI 
090 |a TFG 3568 
100 |a Ramírez Azofeifa, Flor Emilia  |9 9763 
245 |a Evaluación hidraúlica-sanitaria de la Planta Potabilizadora de Guadalupe 
260 |c 1996  |a  San José, C.R. 
300 |a  vii, [201] hojas : ilustraciones (algunas plegables)  
500 |a  Proyecto de graduación (licenciatura en ingeniería civil)--Universidad de Costa Rica. Facultad de Ingeniería. Escuela de Ingeniería Civil 
650 |x PLANTA POTABILIZADORA DE GUADALUPE - MANTENIMIENTO Y REPARACION  |9 9764 
942 |c TFG 
999 |c 18953  |d 18953